| 000 | 00665nam a2200253Ia 4500 | ||
|---|---|---|---|
| 005 | 20230810105951.0 | ||
| 008 | 131103s9999 xx 000 0 und d | ||
| 040 | _aLoreto College | ||
| 041 | _aEnglish | ||
| 082 |
_a920 _bSEL |
||
| 100 | _aSelincourt,Aubrey De | ||
| 245 |
_aSix Great Englishman _b Drake,Dr.Johnson,Nelson,Marlborough,Keats,Churchill _cAubrey De Selincourt |
||
| 260 |
_aLondon _bHamish Hamilton _c1953 (1955 printing) |
||
| 300 | _a215 p. | ||
| 630 | _aBiography | ||
| 630 | _aChurehill | ||
| 630 | _aKats | ||
| 630 | _aMarlborough | ||
| 630 | _aNelson | ||
| 650 | _aDrake | ||
| 651 | _aJohnson | ||
| 850 | _aLCLIB | ||
| 942 | _cBK | ||
| 999 |
_c13912 _d64391 |
||